Earth sciences

Gespeichert in:
Bibliographische Detailangaben
1. Verfasser: Yates, Christopher St. John (VerfasserIn)
Format: Buch
Sprache:Englisch
Veröffentlicht: Londres Cassell 1988
Schriftenreihe:English for Academic Purposes series
Schlagworte:
Tags: Tag hinzufügen
Keine Tags, Fügen Sie den ersten Tag hinzu!

MARC

LEADER 00000nam a2200000 a 4500
001 UCU8190
003 CL-VaPUC
008 960719e19880000UK |||||||||||||||||eng|d
082 0 4 |a 428.2  |b YAT  |2 21 
100 0 |a Yates, Christopher St. John  |e author  |9 367503 
245 1 0 |a Earth sciences 
300 |a 164 p 
942 |c BK 
945 |d 19960719 00:00:00  |a rbrito 
260 |a Londres  |b Cassell  |c 1988 
650 0 |a Enseñanza del inglés  |9 367340 
650 0 |a Inglés  |9 260023 
650 0 |a Enseñanza de idiomas  |9 339820 
650 0 |a Educación lingüística  |9 306506 
583 |a last modification  |c 20170823 04:33:30  |k Rodrigo Vera 
490 0 |a English for Academic Purposes series 
999 |c 250682  |d 250680 
952 |0 0  |1 0  |4 0  |6 428_200000000000000_YAT_1988  |7 0  |8 A  |9 269110  |a BIBEDU  |b BIBEDU  |d 2019-11-19  |i 3214761  |o 428.2 YAT 1988  |p 3214761  |r 2019-11-19  |w 2019-11-19  |y BK  |k LIT